00457 2200181 4500001002100000005001500021008004100036020001800077035001900095041000700114082001100121090001700132100001400149245004100163260003800204300001800242650001500260INLIS00000000001372420241224114617241224||||||||| | ||| |||| || |  a979-414-044-9 0010-1224013724 aen0 a346.02 a346.02 SUB a0 aR.Subekti00aAspek-Aspek Hukum Perikanan Nasional aBandungbCitra Aditya Baktic1988 a60hlm;14x21cm 0ailmu hukum